000 01073njm a22002777a 4500
005 20100917150940.0
007 sd ammalaaahaa
008 100913t xxu||||| |||| 00| 0 hin d
028 _aECLP-5520
_bHis Master's Voice
035 _aGR-03332
040 _aSED/VEN
100 _aMangeshkar Lata
_919606
245 _aAmar Part1&2 /
_cby Lata Mangeshkar Music ; Naushad lyric ;Shakeel Badayuni
_h[sound recording] :
260 _aDum Dum, India
_bHis Master's Voice
_c1977
300 _a1 sound disc [Gramophone record] :
_banalog, 33 1/3 rpm
_c12 in.
_fGramophone record
500 _aBrief record.
500 _aHis Master's Voice
500 _aOrange
500 _aExtended Play
505 _aPart 1 Oodi oodi chhai ghata ,Amar Part 2 Tere sadqe balam, Amar( Lata Mangeshkar)( Naushad)(Shakeel Badayuni)
_r
650 _aClassical Music
_xExcerpts
_zIndia
_919607
_vFilmi Song
700 _aNaushad
_91184
700 _aShakeel Badayuni
_920559
942 _2ddc
_cGR
999 _c46551
_d46551